000 00558nam a22001817a 4500
005 20251108165815.0
008 250721s1990 xx 000 0 ara d
082 1 4 _a218.2/ط/م
100 1 _aالطرطوشي، أبو بكر محمد بن الوليد
245 1 0 _aكتاب الحوادث و البدع /
264 1 _aبيروت :
_bدار الغرب الإسلامي،
_c1990.
300 _a469ص
650 1 7 _aالإسلام
650 1 7 _aالبدع
700 1 _aتركي، عبد المجيد
_eتحقيق
942 _2ddc
_cREF
999 _c31813
_d31813